000 01167nam a2200265 i 4500
001 38114
003 ES-MaACL
005 20240224062530.0
007 t|
008 030224s1905 sp ||||1| spa d
080 _a726.52(460.27 Alcalá)
080 _a929 Cervantes Saavedra, Miguel de
100 1 _aCabello y Lapiedra, Luis María.
_933183
245 1 3 _aLa Capilla del Relator o del Oidor de la Parroquia de Santa María la Mayor en la ciudad de Alcalá de Henares /
_cLuis Mª Cabello y Lapiedra ; fototipias de Hauser y Menet ; fotograbados de A. Manjón.
260 _aMadrid :
_b[s.n.],
_c1905 (
_fM. Romero)
300 _a36 p., [5] h. de lám. :
_bil. ;
_c27 cm.
594 _aPrecede al tít.: España artística y monumental.
594 _aMiguel de Cervantes que fue bautizado en esta parroquia el 9 de octubre de 1547,.
600 1 4 _aCervantes Saavedra, Miguel de,
_d1547-1616
_9226514
610 2 4 _aParroquia de Santa María la Mayor (Alcalá de Henares)
_9144543
700 1 _aManjón, A.
_9144544
710 2 _aHauser y Menet (Madrid)
_94558
852 _aES-MaACL
_jT-1030-F-9
_z- Dedicatoria autógrafa del autor
999 _c38114
_d38114